书目信息 |
| 题名: |
近现代国际关系史研究
|
|
| 作者: | 徐蓝 主编 | |
| 分册: | ||
| 出版信息: | 北京 人民出版社 2006 |
|
| 页数: | 445页 | |
| 开本: | 23cm | |
| 丛书名: | ||
| 单 册: | ||
| 中图分类: | D819 | |
| 科图分类: | ||
| 主题词: | 国际关系史--Guo Ji Guan Xi Shi--研究--近代 , 国际关系史--Guo Ji Guan Xi Shi--研究--现代 | |
| 电子资源: | ||
| ISBN: | 978-7-01-005389-9 | |
| 000 | 00949nam0 22002531 450 | |
| 001 | 350188 | |
| 005 | 20161008163131.17 | |
| 010 | @a978-7-01-005389-9@dCNY43.00 | |
| 100 | @a20070327e20072006em y0chiy50 ea | |
| 101 | 0 | @achi@eeng |
| 102 | @aCN@b110000 | |
| 105 | @ay z 000yy | |
| 106 | @ar | |
| 200 | 1 | @a近现代国际关系史研究@AJin Xian Dai Guo Ji Guan Xi Shi Yan Jiu@f徐蓝主编 |
| 210 | @a北京@c人民出版社@d2006@h2007重印 | |
| 215 | @a445页@d23cm | |
| 300 | @a北京市重点学科·世界史经费资助 | |
| 330 | @a本书主要收集的是毕业于首都师范大学历史系世界史学科国际关系史专业的研究生近年来在近现代国际关系史领域探索研究的文集,内容涉及近代以来的政治、经济、军事、思想、国际组织等领域。 | |
| 606 | 0 | @a国际关系史@AGuo Ji Guan Xi Shi@x研究@z近代 |
| 606 | 0 | @a国际关系史@AGuo Ji Guan Xi Shi@x研究@z现代 |
| 690 | @aD819@v5 | |
| 701 | 0 | @a徐蓝@AXu Lan@c(女,@f1947.11~)@4主编 |
| 801 | 0 | @aCN@bTANGWEI@c20160803 |
| 905 | @b0888765-9@dD819@e114@f5 | |
| 近现代国际关系史研究/徐蓝主编 .-北京:人民出版社,2006(2007重印) |
| 445页;23cm |
| 北京市重点学科·世界史经费资助 |
| ISBN 978-7-01-005389-9:CNY43.00 |
| 本书主要收集的是毕业于首都师范大学历史系世界史学科国际关系史专业的研究生近年来在近现代国际关系史领域探索研究的文集,内容涉及近代以来的政治、经济、军事、思想、国际组织等领域。 |
| ● |
| 相关链接 |
|
|
|
|
正题名:近现代国际关系史研究
索取号:D819/114
 
预约/预借
| 序号 | 登录号 | 条形码 | 馆藏地/架位号 | 状态 | 备注 |
| 1 | 0888765 | 208887659 | 第一样本阅览室/ [索取号:D819/114] | 在馆 | |
| 2 | 0888766 | 208887668 | 密集书库-史法系/ [索取号:D819/114] | 在馆 | |
| 3 | 0888767 | 208887677 | 第一借阅区/ [索取号:D819/114] | 在馆 | |
| 4 | 0888768 | 208887686 | 第一借阅区/ [索取号:D819/114] | 在馆 | |
| 5 | 0888769 | 208887695 | 第一借阅区/ [索取号:D819/114] | 在馆 |